| 000 | 00807cam a2200229 a 4500 | ||
|---|---|---|---|
| 001 | 4399122 | ||
| 005 | 20180306033157.0 | ||
| 008 | 930318s1994 mau b 001 0 eng | ||
| 010 | _a 92075313 | ||
| 020 | _a0312081227 | ||
| 040 |
_aDLC _cDLC _dDLC |
||
| 041 | _aeng | ||
| 080 | _a801.95 dav | ||
| 082 | 0 | 0 |
_a801.95 dav _220 |
| 100 | _a25 | ||
| 101 | _aedu | ||
| 245 | 0 | 0 |
_aFalling into theory : _c[compiled by] David H. Richter ; with a foreword by Gerald Graff. |
| 504 | _aIncludes bibliographical references and index. | ||
| 906 |
_a7 _bcbc _corignew _d2 _eopcn _f19 _gy-gencatlg |
||
| 942 |
_2ddc _cBK |
||
| 999 |
_c44125 _d44125 |
||